Gran biblioteca literatura peruana El Comercio : (Registro nro. 255)
[ vista simple ]
| 000 -Cabecera | |
|---|---|
| Campo de control interno | 00643nam a2200229Ia 4500 |
| 005 - Fecha y hora del registro | |
| control field | 20251203123022.0 |
| 008 - Elementos de Longitud Fija | |
| fixed length control field | 251203t2001||||xx |||||||||||||| ||spa|| |
| 020 ## - ISBN | |
| ISBN | 9972401693 |
| 041 ## - Idioma | |
| Codigo Idioma | ESP |
| 082 ## - DEWEY y NOTACIÓN INTERNA | |
| Dewey | 869.56 |
| Notación Interna | G77 |
| 110 ## - AUTOR INSTTITUCIONAL | |
| Autor Institucional | Peisa |
| 245 #0 - TÍTULO DE MATERIAL BIBLIOGRÁFICO | |
| Título | Gran biblioteca literatura peruana El Comercio : |
| Título paralelo | Números 1-2 |
| 260 ## - CIUDAD, EDITORIAL, AÑO | |
| Ciudad | Lima : |
| Nombre de la Editorial | Peisa, |
| Año | 2001 |
| 300 ## - DESCRIPCIÓN | |
| N° Páginas | 494 páginas : |
| Otros detalles | |
| Dimensiones | 21 cm. |
| Material Adicional | |
| 440 ## - MENCIÓN DE SERIE | |
| Título de la Serie | |
| Número de Serie | |
| Volumen de Serie | |
| 505 ## - TABLA DE CONTENIDO | |
| Tabla de Contenido | Contiene: Número 1: Un mundo para Julius; Número 2: Tradiciones peruanas. |
| 650 ## - TEMAS | |
| Temas | Literatura |
| 653 ## - DESCRIPTORES | |
| Lenguajes no controlado | Literatura peruana - Siglo XX |
| 654 ## - PROGRAMAS | |
| Programa | Todos los programas |
| 942 ## - ELEMENTOS DE KOHA | |
| Tipo de documento | Libro |
| Nombre del creador | Justo Noguera |
| Código de catalogador | Margarita Torres |
| Esquema de clasificación | Dewey Decimal Classification |
| Suppress in OPAC | |
| Codigo completo | Registro | Colección | Copia número | Disponibilidad | Tipo de préstamo | Biblioteca Actual | Procedencia (Biblioteca) | Ubicacón | Fecha Ingreso | Tipo de Adquisición | Date last seen | Total checkouts | Price effective from | Tipo de Item | Estado del Material | Fuente de Clasificación | Damaged status | Withdrawn status |
|---|---|---|---|---|---|---|---|---|---|---|---|---|---|---|---|---|---|---|
| 869.56 G77 | 1085128 | Colección Vera Bejar | 1 | Restringido | Víctor Andrés Belaunde | Víctor Andrés Belaunde | Planta baja cerrada | 03/12/2025 | Donación | 03/12/2025 | 03/12/2025 | Libro | Bueno | Dewey Decimal Classification | Withdrawn |




